书目信息 |
| 题名: |
等你在北大
|
|
| 作者: | 梁岩涛 主编 | |
| 分册: | ||
| 出版信息: | 长春 吉林文史出版社 2019 |
|
| 页数: | 246页 | |
| 开本: | 21cm | |
| 丛书名: | 微阅读 | |
| 单 册: | ||
| 中图分类: | G632.46 , G632.474 | |
| 科图分类: | ||
| 主题词: | 高中生--学习方法 , 高考--经验 | |
| 电子资源: | ||
| ISBN: | 978-7-5472-5145-4 | |
| 000 | 00971oam2 2200277 450 | |
| 001 | 012001003192 | |
| 005 | 20131025114535.0 | |
| 010 | @a978-7-5472-5145-4@dCNY35.00 | |
| 100 | @a20190731d2019 demy0chiy50 ea | |
| 101 | 0 | @achi |
| 102 | @aCN@b220000 | |
| 105 | @ay z 000yy | |
| 106 | @ar | |
| 200 | 1 | @a等你在北大@9deng ni zai bei da@f梁岩涛主编 |
| 210 | @a长春@c吉林文史出版社@d2019 | |
| 215 | @a246页@d21cm | |
| 225 | 2 | @a微阅读@h第三辑 |
| 330 | @a本书精选了55篇近年来考入北大的各省状元的学习经验分享,内容上涉及备考经验、考场发挥、各学科的学习方法、学习心态分享、父母老师对“我”的情感呵护等。书中所讲的方法和技巧,涉及的各科知识,具有很强的实用性和高效性。无论你是初中生还是高中生,都能从中获益匪浅。 | |
| 461 | 0 | @12001 @a微阅读 |
| 606 | 0 | @a高中生@x学习方法 |
| 606 | 0 | @a高考@x经验 |
| 690 | @aG632.46@v5 | |
| 690 | @aG632.474@v5 | |
| 701 | 0 | @a梁岩涛@9liang yan tao@4主编 |
| 801 | 0 | @aCN@b江苏凤凰@c20191020 |
| 905 | @b1226315-8@dG632.46@e698@f4 | |
| 等你在北大/梁岩涛主编.-长春:吉林文史出版社,2019 |
| 246页;21cm.-(微阅读.第三辑) |
| ISBN 978-7-5472-5145-4:CNY35.00 |
| 本书精选了55篇近年来考入北大的各省状元的学习经验分享,内容上涉及备考经验、考场发挥、各学科的学习方法、学习心态分享、父母老师对“我”的情感呵护等。书中所讲的方法和技巧,涉及的各科知识,具有很强的实用性和高效性。无论你是初中生还是高中生,都能从中获益匪浅。 |
| ● |
| 相关链接 |
|
|
|
|
正题名:等你在北大
索取号:G632.46/698
 
预约/预借
| 序号 | 登录号 | 条形码 | 馆藏地/架位号 | 状态 | 备注 |
| 1 | 1226315 | 212263156 | 第一样本阅览室/ [索取号:G632.46/698] | 在馆 | |
| 2 | 1226316 | 212263165 | 教育系资料室/ [索取号:G632.46/698] | 在馆 | |
| 3 | 1226317 | 212263174 | 教育系资料室/ [索取号:G632.46/698] | 在馆 | |
| 4 | 1226318 | 212263183 | 第四借阅区/ [索取号:G632.46/698] | 在馆 |